Hải Triều nhà lý luận tiên phong
v.v...
Đã lưu trong:
| Tác giả chính: | |
|---|---|
| Định dạng: | Sách |
| Năm xuất bản: |
H.
Chính trị Quốc gia
1996
|
| Chủ đề: | |
| Tags: |
Thêm thẻ
Không có thẻ, Hãy là người đầu tiên gắn thẻ bản ghi này!
|
| LEADER | 00926nam a2200193 4500 | ||
|---|---|---|---|
| 082 | |a 895.92209 |b NG526NG | ||
| 100 | |a Nguyễn Ngọc Thiện | ||
| 245 | |a Hải Triều nhà lý luận tiên phong |c Nguyễn Ngọc Thiện | ||
| 260 | |a H. |b Chính trị Quốc gia |c 1996 | ||
| 300 | |a 273 tr. |c 19 cm | ||
| 520 | |a v.v... | ||
| 653 | |a Văn học | ||
| 653 | |a Việt Nam | ||
| 653 | |a Phê bình văn học | ||
| 942 | |2 ddc |c STK0 | ||
| 999 | |c 2445 |d 2445 | ||
| 952 | |0 0 |1 0 |2 ddc |4 0 |6 895_922090000000000_NG526NG |7 1 |8 800 |9 31553 |a qbu |b qbu |c D5 |d 2014-12-13 |g 18500 |o 895.92209 NG526NG |p 3693.c1 |r 0000-00-00 |w 2014-12-13 |y STK0 | ||
| 952 | |0 0 |1 0 |2 ddc |4 0 |6 895_922090000000000_NG526NG |7 0 |8 800 |9 31554 |a qbu |b qbu |c D5 |d 2014-12-13 |g 18500 |o 895.92209 NG526NG |p 3693.c2 |r 0000-00-00 |w 2014-12-13 |y STK0 | ||
| 952 | |0 0 |1 0 |2 ddc |4 0 |6 895_922090000000000_NG526NG |7 0 |8 800 |9 31555 |a qbu |b qbu |c D5 |d 2014-12-13 |g 18500 |o 895.92209 NG526NG |p 3693.c3 |r 0000-00-00 |w 2014-12-13 |y STK0 | ||